[Event "Catalunya-chT Gp1"]
[Site "Barcelona"]
[Date "2020.02.29"]
[Round "7.5"]
[White "Estrella Vidiella, Jordi"]
[Black "Lerch Gallemi, Jose Maria"]
[Result "1/2-1/2"]
[WhiteElo "2301"]
[BlackElo "2113"]
[PlyCount "56"]
[EventDate "2020.01.18"]
[EventType "team-tourn"]
[EventRounds "7"]
[EventCountry "ESP"]
[SourceTitle "CBM 195 Extra"]
[Source "ChessBase"]
[SourceDate "2020.05.31"]
[SourceVersion "1"]
[SourceVersionDate "2020.05.31"]
[SourceQuality "1"]
[WhiteTeam "Foment Martinenc"]
[BlackTeam "Sant Cugat"]
[WhiteTeamCountry "ESP"]
[BlackTeamCountry "ESP"]

1. Nf3 c5 2. b3 Nc6 3. Bb2 d6 4. g3 e5 5. d3 f5 6. Bg2 Nf6 7. 0-0 Be7 8. c4 0-0 9. e3 a6 10. Nc3 Rb8 11. Nd5 Nxd5 12. cxd5 Na5 13. a3 b5 14. Nd2 Bf6 15. Rc1 Bd7 16. Re1 Be8 17. h3 Bf7 18. g4 fxg4 19. hxg4 Bg6 20. Ne4 Bh4 21. Rf1 Bxe4 22. Bxe4 Qg5 23. b4 Nb7 24. Qe2 a5 25. Bc3 h5 26. f3 Ra8 27. bxa5 Nxa5 28. Rb1 hxg4 1/2-1/2

[Event "Catalunya-chT Gp1"]
[Site "Barcelona"]
[Date "2020.02.22"]
[Round "6.7"]
[White "Lerch Gallemi, Jose Maria"]
[Black "Leiro Giralt, Daniel"]
[Result "1/2-1/2"]
[WhiteElo "2113"]
[BlackElo "2173"]
[PlyCount "29"]
[EventDate "2020.01.18"]
[EventType "team-tourn"]
[EventRounds "7"]
[EventCountry "ESP"]
[SourceTitle "CBM 195 Extra"]
[Source "ChessBase"]
[SourceDate "2020.05.31"]
[SourceVersion "1"]
[SourceVersionDate "2020.05.31"]
[SourceQuality "1"]
[WhiteTeam "Sant Cugat"]
[BlackTeam "Tres Peons"]
[WhiteTeamCountry "ESP"]
[BlackTeamCountry "ESP"]

1. e4 e5 2. Nf3 Nf6 3. d3 c6 4. Nbd2 Qc7 5. g3 d5 6. Bg2 Bd6 7. 0-0 0-0 8. Re1 Re8 9. Nh4 Be6 10. Nf1 Nbd7 11. h3 Bb4 12. Bd2 Bxd2 13. Qxd2 Rad8 14. g4 dxe4 15. dxe4 1/2-1/2

[Event "Catalunya-chT GpB final"]
[Site "Barcelona"]
[Date "2018.04.14"]
[Round "4.4"]
[White "Torrecillas Martinez, Antonio"]
[Black "Lerch Gallemi, Jose Maria"]
[Result "1/2-1/2"]
[WhiteElo "2341"]
[BlackElo "2198"]
[PlyCount "106"]
[EventDate "2018.03.10"]
[EventType "team-tourn"]
[EventRounds "4"]
[EventCountry "ESP"]
[SourceTitle "EXT 2019"]
[Source "ChessBase"]
[SourceDate "2018.10.10"]
[SourceVersion "1"]
[SourceVersionDate "2018.10.10"]
[SourceQuality "1"]
[WhiteTeam "Foment Martinenc"]
[BlackTeam "St Cugat"]
[WhiteTeamCountry "ESP"]
[BlackTeamCountry "ESP"]

1. Nf3 Nf6 2. c4 e6 3. g3 d5 4. Bg2 Bd6 5. 0-0 0-0 6. d4 c6 7. b3 Ne4 8. Ba3 Bxa3 9. Nxa3 Qa5 10. Nc2 Nd7 11. Qe1 Qc3 12. Qxc3 Nxc3 13. Rfe1 Re8 14. Nd2 f5 15. Kf1 Ne4 16. Red1 a5 17. Ne3 Nxd2+ 18. Rxd2 Nf6 19. Rc1 Bd7 20. Rdc2 g5 21. Nd1 dxc4 22. Rxc4 e5 23. dxe5 Rxe5 24. Nb2 Rae8 25. e3 Ne4 26. Rd4 Be6 27. Nd3 Rb5 28. Bxe4 fxe4 29. Nc5 Bh3+ 30. Ke1 Re5 31. Nxe4 Kg7 32. f4 gxf4 33. exf4 Re7 34. Kf2 Rh5 35. Ng5 Bg4 36. h4 Re2+ 37. Kf1 h6 38. f5 hxg5 39. Rxg4 Re5 40. Rd1 Kf6 41. Rd7 Rxf5+ 42. Kg2 gxh4 43. gxh4 Rd5 44. Rxb7 Rd2+ 45. Kh3 Rxa2 46. Rc4 c5 47. Rb6+ Ke7 48. Rc6 Ra3 49. Kg4 Rd5 50. R6xc5 Rxc5 51. Rxc5 Rxb3 52. Rxa5 Kf6 53. Ra6+ Ke5 1/2-1/2

[Event "Catalunya-chT GpB final"]
[Site "Barcelona"]
[Date "2018.03.10"]
[Round "1.4"]
[White "Lerch Gallemi, Jose Maria"]
[Black "Perez Garcia, Adria"]
[Result "1/2-1/2"]
[WhiteElo "2198"]
[BlackElo "2137"]
[PlyCount "61"]
[EventDate "2018.03.10"]
[EventType "team-tourn"]
[EventRounds "4"]
[EventCountry "ESP"]
[SourceTitle "CBM 183 Extra"]
[Source "ChessBase"]
[SourceDate "2018.04.19"]
[SourceVersion "1"]
[SourceVersionDate "2018.04.19"]
[SourceQuality "1"]
[WhiteTeam "St Cugat"]
[BlackTeam "Peona I Peo"]
[WhiteTeamCountry "ESP"]
[BlackTeamCountry "ESP"]

1. e4 c6 2. d3 d5 3. Nd2 e5 4. Ngf3 Bd6 5. Be2 Nf6 6. 0-0 0-0 7. Re1 dxe4 8. dxe4 Qe7 9. h3 Bc7 10. a4 a5 11. Bc4 Nbd7 12. b3 Nb6 13. Ba3 Bd6 14. Bxd6 Qxd6 15. Qe2 Be6 16. Bxe6 Qxe6 17. Qe3 Nfd7 18. Qc3 f6 19. b4 axb4 20. Qxb4 Nc8 21. Nc4 c5 22. Qxb7 Rb8 23. Qd5 Qxd5 24. exd5 Rb4 25. Ne3 Nd6 26. a5 Rc8 27. Ra2 Rc6 28. Rea1 f5 29. c3 Rb3 30. Nd1 Rb5 31. Nd2 1/2-1/2

[Event "Catalunya-chT Gp2"]
[Site "Barcelona"]
[Date "2018.02.24"]
[Round "6.4"]
[White "Molina Carretero, Daniel"]
[Black "Lerch Gallemi, Jose Maria"]
[Result "1-0"]
[WhiteElo "2125"]
[BlackElo "2198"]
[PlyCount "113"]
[EventDate "2018.01.20"]
[EventType "team-tourn"]
[EventRounds "7"]
[EventCountry "ESP"]
[SourceTitle "EXT 2019"]
[Source "ChessBase"]
[SourceDate "2018.10.10"]
[SourceVersion "1"]
[SourceVersionDate "2018.10.10"]
[SourceQuality "1"]
[WhiteTeam "Gerunda"]
[BlackTeam "St Cugat"]
[WhiteTeamCountry "ESP"]
[BlackTeamCountry "ESP"]

1. e4 e5 2. Nf3 Qe7 3. Nc3 c6 4. d4 d6 5. Bc4 h6 6. 0-0 Nf6 7. a4 Bg4 8. dxe5 dxe5 9. b3 Nfd7 10. Bb2 Qf6 11. Be2 Bc5 12. Nd2 Be6 13. Bc4 0-0 14. Qe2 Re8 15. Bxe6 Rxe6 16. Nc4 Bd4 17. Rad1 Qg6 18. Kh1 Bc5 19. Rd3 Be7 20. Rg3 Qh7 21. Ne3 Bh4 22. Rg4 Bg5 23. Rd1 g6 24. h4 Be7 25. h5 Bg5 26. Qc4 Nf8 27. hxg6 fxg6 28. Ba3 Nbd7 29. a5 Qf7 30. Kg1 b5 31. axb6 axb6 32. Bb2 b5 33. Qe2 Rf6 34. Rg3 Re6 35. Rf3 Qe7 36. Nxb5 cxb5 37. Qxb5 Qc5 38. Rxf8+ Rxf8 39. Qxd7 Ref6 40. Ng4 Rxf2 41. Nxf2 Qxf2+ 42. Kh1 Qh4+ 43. Qh3 Qxe4 44. Qe6+ Rf7 45. Bxe5 Qf5 46. Qxf5 Rxf5 47. Bd4 Kf7 48. Rd3 Ke6 49. Be3 Be7 50. Kg1 g5 51. g4 Ra5 52. Bd4 Ra2 53. Rd2 Bb4 54. Re2+ Kd5 55. Bg7 Bd6 56. c4+ Kc5 57. Rxa2 1-0

[Event "Vilafranca del Penedes op 11th"]
[Site "Vilafranca del Penedes"]
[Date "2017.05.19"]
[Round "7"]
[White "Lerch Gallemi, Jose Maria"]
[Black "Gual Pascual, Antonio"]
[Result "0-1"]
[WhiteElo "2320"]
[BlackElo "2483"]
[PlyCount "58"]
[EventDate "2017.03.31"]
[EventType "swiss"]
[EventRounds "8"]
[EventCountry "ESP"]
[SourceTitle "EXT 2018"]
[Source "ChessBase"]
[SourceDate "2017.10.13"]
[SourceVersion "1"]
[SourceVersionDate "2017.10.13"]
[SourceQuality "1"]

1. e4 g6 2. Nc3 Bg7 3. f4 c5 4. Nf3 Nc6 5. d3 d6 6. Be2 e6 7. 0-0 Nge7 8. Qe1 0-0 9. Bd1 Nd4 10. Ne2 Nxe2+ 11. Bxe2 b6 12. a4 Bb7 13. Nd2 Qd7 14. Bf3 Nc6 15. Qh4 f5 16. exf5 gxf5 17. c3 Rae8 18. Re1 Ba6 19. Re3 Bf6 20. Qh6 d5 21. Bh5 Re7 22. Rh3 Rg7 23. Nf1 Qe7 24. Bd2 Bd4+ 25. cxd4 Rf6 26. Bf7+ Qxf7 27. Qh4 Rfg6 28. Qf2 Nxd4 29. Be3 Rxg2+ 0-1

[Event "Vilafranca del Penedes op 11th"]
[Site "Vilafranca del Penedes"]
[Date "2017.04.28"]
[Round "4"]
[White "Lerch Gallemi, Jose Maria"]
[Black "Vinas Racionero, Josep Claudi"]
[Result "1-0"]
[WhiteElo "2320"]
[BlackElo "2129"]
[PlyCount "125"]
[EventDate "2017.03.31"]
[EventType "swiss"]
[EventRounds "8"]
[EventCountry "ESP"]
[SourceTitle "EXT 2018"]
[Source "ChessBase"]
[SourceDate "2017.10.13"]
[SourceVersion "1"]
[SourceVersionDate "2017.10.13"]
[SourceQuality "1"]

1. e4 e5 2. Nf3 Nc6 3. Bc4 Nf6 4. d3 Bc5 5. 0-0 d6 6. c3 Bb6 7. Re1 Be6 8. Bb5 a6 9. Bxc6+ bxc6 10. h3 0-0 11. d4 Nd7 12. Bg5 f6 13. Be3 Qe8 14. Nbd2 Kh8 15. Nf1 d5 16. dxe5 dxe4 17. Nd4 fxe5 18. Nxe6 Qxe6 19. Bxb6 cxb6 20. Rxe4 Nc5 21. Re3 Rf4 22. f3 a5 23. Qe1 Qg6 24. Rd1 Raf8 25. Ng3 h5 26. Kh2 h4 27. Ne2 Ra4 28. b4 Qg5 29. Nc1 axb4 30. Rxe5 Qf4+ 31. Kh1 bxc3 32. Qxc3 Rc4 33. Qe1 Rf5 34. Re8+ Kh7 35. Ne2 Qg5 36. Nc3 Qg3 37. Qd2 Rxf3 38. Ne2 Qg6 39. Qd8 Qf7 40. gxf3 Qxf3+ 41. Kg1 Ne4 42. Qxh4+ Kg6 43. Nf4+ Kf5 44. Rf8+ Nf6 45. Qh7+ Kxf4 46. Rf1 Ke5 47. Rxf3 Nxh7 48. R8f5+ Kd6 49. Rg3 Ke6 50. Rf2 g5 51. Re3+ Kd5 52. Rf7 Rh4 53. Ree7 Rxh3 54. Rxh7 Rc3 55. Re2 g4 56. Rg7 g3 57. Kg2 b5 58. Rxg3 Rxg3+ 59. Kxg3 Kd4 60. Kf3 b4 61. Re3 c5 62. Ke2 c4 63. Rh3 1-0

[Event "Catalunya-chT Gp2 final"]
[Site "Barcelona"]
[Date "2016.04.09"]
[Round "3.3"]
[White "Lerch Gallemi, Jose Maria"]
[Black "Garcia Jimenez, Francisco Javier"]
[Result "1/2-1/2"]
[WhiteElo "2218"]
[BlackElo "2292"]
[PlyCount "52"]
[EventDate "2016.03.12"]
[EventType "team-tourn"]
[EventRounds "4"]
[EventCountry "ESP"]
[SourceTitle "EXT 2017"]
[Source "ChessBase"]
[SourceDate "2016.10.25"]
[SourceVersion "1"]
[SourceVersionDate "2016.10.25"]
[SourceQuality "1"]
[WhiteTeam "Sant Boi"]
[BlackTeam "Barcelona Unio Graciencia"]
[WhiteTeamCountry "ESP"]
[BlackTeamCountry "ESP"]

1. e4 d5 2. exd5 Qxd5 3. Nc3 Qd8 4. d4 Nf6 5. Bc4 a6 6. Bb3 Nc6 7. Nf3 Bg4 8. d5 Na5 9. Qd3 Nxb3 10. axb3 e6 11. Bg5 h6 12. Bh4 Be7 13. 0-0-0 exd5 14. Bxf6 Bxf6 15. Rhe1+ Be6 16. Nxd5 0-0 17. Qe4 Bxd5 18. Rxd5 Qc8 19. Red1 Re8 20. Qc4 Re7 21. g4 c6 22. Rd6 Qe8 23. Qf4 Re6 24. Rd7 Rd8 25. Rxd8 Bxd8 26. Kb1 Bb6 1/2-1/2

[Event "Catalunya-chT Gp2"]
[Site "Barcelona"]
[Date "2016.02.27"]
[Round "6.3"]
[White "Lerch Gallemi, Jose Maria"]
[Black "Rizouk, Aimen"]
[Result "0-1"]
[WhiteElo "2218"]
[BlackElo "2511"]
[PlyCount "94"]
[EventDate "2016.01.23"]
[EventType "team-tourn"]
[EventRounds "7"]
[EventCountry "ESP"]
[SourceTitle "EXT 2017"]
[Source "ChessBase"]
[SourceDate "2016.10.25"]
[SourceVersion "1"]
[SourceVersionDate "2016.10.25"]
[SourceQuality "1"]
[WhiteTeam "Sant Boi"]
[BlackTeam "Barbera"]
[WhiteTeamCountry "ESP"]
[BlackTeamCountry "ESP"]

1. e4 e5 2. Nf3 Nc6 3. Bc4 Bc5 4. 0-0 Nf6 5. d3 d6 6. c3 a6 7. b4 Ba7 8. a4 Ne7 9. Be3 Ng6 10. Bxa7 Rxa7 11. Re1 0-0 12. d4 Qe7 13. dxe5 dxe5 14. Nbd2 h6 15. Nf1 Bg4 16. h3 Rd8 17. Qe2 Be6 18. Ng3 Raa8 19. Nf5 Qd7 20. Qa2 Bxc4 21. Qxc4 Ne8 22. Qb3 Nd6 23. Rad1 Qe6 24. Qxe6 fxe6 25. N5h4 Nxh4 26. Nxh4 Nc4 27. Nf3 Rd6 28. Rxd6 cxd6 29. Rb1 Rc8 30. Kf1 Kf7 31. Rb3 d5 32. Ke2 Ke7 33. Nd2 Kd6 34. f3 b5 35. a5 Nxd2 36. Kxd2 Rc4 37. Kd3 d4 38. cxd4 exd4 39. Kd2 Ke5 40. g3 g5 41. Rb1 Rc3 42. Ke2 Rc2+ 43. Kd3 Rf2 44. f4+ gxf4 45. gxf4+ Rxf4 46. Rc1 Rf3+ 47. Kd2 Rc3 0-1

[Event "Catalunya-chT Gp2"]
[Site "Barcelona"]
[Date "2016.01.23"]
[Round "1.3"]
[White "Lerch Gallemi, Jose Maria"]
[Black "Garriga Cazorla, Pere"]
[Result "0-1"]
[WhiteElo "2218"]
[BlackElo "2403"]
[PlyCount "66"]
[EventDate "2016.01.23"]
[EventType "team-tourn"]
[EventRounds "7"]
[EventCountry "ESP"]
[SourceTitle "CBM 170 Extra"]
[Source "ChessBase"]
[SourceDate "2016.02.25"]
[SourceVersion "1"]
[SourceVersionDate "2016.02.25"]
[SourceQuality "1"]
[WhiteTeam "Sant Boi"]
[BlackTeam "Mollet"]
[WhiteTeamCountry "ESP"]
[BlackTeamCountry "ESP"]

1. e4 c5 2. Nc3 a6 3. a4 Nc6 4. f4 e6 5. Nf3 d5 6. d3 Nge7 7. Be2 g6 8. 0-0 Bg7 9. Qe1 Nd4 10. Bd1 0-0 11. Ne2 Nxf3+ 12. Rxf3 e5 13. Nc3 d4 14. Nb1 Be6 15. Qg3 f5 16. fxe5 fxe4 17. dxe4 Nc6 18. Bf4 c4 19. Nd2 Qa5 20. Be2 Qc5 21. Rf2 Nxe5 22. Nf3 Rxf4 23. Qxf4 Rf8 24. Qh4 Bf6 25. Ng5 Bxg5 26. Rxf8+ Kxf8 27. Qf2+ Kg7 28. Kh1 Be3 29. Qg3 d3 30. cxd3 cxd3 31. Bf1 Ng4 32. h3 Nf2+ 33. Kh2 Nxe4 0-1

[Event "Barcelona Tres Peons op 14th"]
[Site "Barcelona"]
[Date "2012.02.17"]
[Round "6"]
[White "Lerch Gallemi, Jose Maria"]
[Black "Rosich Valles, Alfredo"]
[Result "0-1"]
[WhiteElo "2188"]
[BlackElo "2357"]
[PlyCount "52"]
[EventDate "2012.01.13"]
[EventType "swiss"]
[EventRounds "9"]
[EventCountry "ESP"]
[SourceTitle "EXT 2013"]
[Source "ChessBase"]
[SourceDate "2012.11.22"]
[SourceVersion "1"]
[SourceVersionDate "2012.11.22"]
[SourceQuality "1"]

1. e4 d5 2. exd5 Nf6 3. Bb5+ Nbd7 4. Qf3 g6 5. d4 Bg7 6. Bf4 0-0 7. Bxd7 Bxd7 8. Nc3 b5 9. h3 b4 10. Nce2 Bb5 11. Be5 Qxd5 12. Qxd5 Nxd5 13. Bxg7 Kxg7 14. Nf3 Rfd8 15. Rd1 a5 16. Rd2 a4 17. Kd1 a3 18. b3 e6 19. Nc1 Rac8 20. Ne5 c5 21. dxc5 Rxc5 22. Ned3 Rcc8 23. Ke1 Rd7 24. h4 Rdc7 25. c4 bxc3 26. Rc2 e5 0-1

[Event "Barcelona Tres Peons op 14th"]
[Site "Barcelona"]
[Date "2012.02.03"]
[Round "4"]
[White "Lerch Gallemi, Jose Maria"]
[Black "Gavilan Diaz, Mario"]
[Result "1-0"]
[WhiteElo "2188"]
[BlackElo "2256"]
[PlyCount "95"]
[EventDate "2012.01.13"]
[EventType "swiss"]
[EventRounds "9"]
[EventCountry "ESP"]
[SourceTitle "EXT 2013"]
[Source "ChessBase"]
[SourceDate "2012.11.22"]
[SourceVersion "1"]
[SourceVersionDate "2012.11.22"]
[SourceQuality "1"]

1. e4 e5 2. Bc4 Nf6 3. d3 Nc6 4. Nf3 Bc5 5. c3 d6 6. b4 Bb6 7. a4 a6 8. Qb3 Qe7 9. h3 h6 10. Nbd2 0-0 11. Nf1 Be6 12. Be3 Nh5 13. g3 Bxe3 14. Nxe3 Qd7 15. Nh4 Ne7 16. Qd1 Nf6 17. Bxe6 Qxe6 18. Nhf5 Nxf5 19. exf5 Qd7 20. 0-0 d5 21. Qf3 c6 22. c4 Rfe8 23. Rfd1 d4 24. Ng4 Qe7 25. Rab1 Nxg4 26. Qxg4 Qg5 27. Qxg5 hxg5 28. Kg2 f6 29. Kf3 Kf7 30. b5 axb5 31. axb5 c5 32. Ke4 Ra2 33. Kd5 Rc8 34. Ra1 Rxf2 35. Ra7 Rc7 36. Kd6 Re7 37. g4 Rf3 38. Kxc5 Rxh3 39. Kb6 Rg3 40. Rxb7 Rxg4 41. c5 Rg2 42. Rc1 Ra2 43. c6 Ra8 44. Rxe7+ Kxe7 45. Kb7 Rh8 46. c7 g4 47. c8Q Rxc8 48. Kxc8 1-0

[Event "Barcelona op 09"]
[Site "Barcelona"]
[Date "2011.10.14"]
[Round "3"]
[White "Boulan, Laura"]
[Black "Lerch Gallemi, Jose Maria"]
[Result "1-0"]
[WhiteElo "2007"]
[BlackElo "2224"]
[PlyCount "79"]
[EventDate "2011.09.30"]
[EventType "swiss"]
[EventRounds "6"]
[EventCountry "ESP"]
[SourceTitle "EXT 2013"]
[Source "ChessBase"]
[SourceDate "2012.11.22"]
[SourceVersion "1"]
[SourceVersionDate "2012.11.22"]
[SourceQuality "1"]

1. Nf3 d6 2. e4 Nf6 3. Nc3 g6 4. Be2 Bg7 5. d4 0-0 6. 0-0 c6 7. a4 Bg4 8. Be3 Nbd7 9. Nd2 Bxe2 10. Qxe2 e5 11. a5 exd4 12. Bxd4 Re8 13. Qf3 Nxe4 14. Ndxe4 Bxd4 15. Rfd1 Bxc3 16. Nxd6 Bf6 17. Nxe8 Qxe8 18. a6 Bxb2 19. axb7 Rb8 20. Rab1 Be5 21. Qxc6 Nf6 22. Qxe8+ Nxe8 23. g3 Nf6 24. c4 Ne4 25. Rd3 Bc7 26. Kg2 Bb6 27. f3 Nc5 28. Rd5 Ne6 29. f4 Kf8 30. Kf3 Ke7 31. g4 h6 32. f5 gxf5 33. gxf5 Nd4+ 34. Ke4 Ne2 35. Rb3 Kf6 36. c5 Bc7 37. c6 Re8+ 38. Kf3 Ng1+ 39. Kf2 Bxh2 40. Re3 1-0

[Event "Barcelona La Lira op 29th"]
[Site "Barcelona"]
[Date "2011.01.21"]
[Round "2"]
[White "De la Fuente Clemente, Constantin"]
[Black "Lerch Gallemi, Jose Maria"]
[Result "0-1"]
[WhiteElo "1920"]
[BlackElo "2289"]
[PlyCount "78"]
[EventDate "2011.01.14"]
[EventType "swiss"]
[EventRounds "7"]
[EventCountry "ESP"]
[SourceTitle "EXT 2012"]
[Source "ChessBase"]
[SourceDate "2011.11.24"]
[SourceVersion "1"]
[SourceVersionDate "2011.11.24"]
[SourceQuality "1"]

1. e4 c5 2. Nf3 d6 3. d4 cxd4 4. Nxd4 Nf6 5. Nc3 g6 6. Bc4 Bg7 7. 0-0 0-0 8. Nde2 Nc6 9. Ng3 Bd7 10. Bg5 h6 11. Bf4 Rc8 12. Qd2 g5 13. Be3 Ng4 14. Nh5 Nxe3 15. Qxe3 Bd4 16. Qg3 Ne5 17. Be2 Ng6 18. Rad1 Bh8 19. f4 Qb6+ 20. Kh1 Qxb2 21. Nd5 e6 22. Rb1 Qd4 23. Rfd1 Qa4 24. Ndf6+ Bxf6 25. Nxf6+ Kg7 26. fxg5 Rxc2 27. Nh5+ Kh8 28. Qf3 f5 29. gxf6 Rf7 30. Bd3 Ne5 31. Qe3 Rc8 32. Qxh6+ Rh7 33. Qg5 Rc5 34. f7 Nxf7 35. Qf6+ Kg8 36. Qg6+ Kh8 37. Nf6 Rg7 38. Qxg7+ Kxg7 39. Nxd7 Qxd7 0-1

[Event "Sant Boi de Llobregat op 20th"]
[Site "Sant Boi de Llobregat"]
[Date "2008.06.06"]
[Round "6.4"]
[White "Fernandez Diez, Antonio Maria"]
[Black "Lerch Gallemi, Jose Maria"]
[Result "0-1"]
[WhiteElo "2070"]
[BlackElo "2284"]
[PlyCount "58"]
[EventDate "2008.04.25"]
[EventType "swiss"]
[EventRounds "8"]
[EventCountry "ESP"]
[SourceTitle "EXT 2024"]
[Source "ChessBase"]
[SourceDate "2023.10.10"]
[SourceVersion "1"]
[SourceVersionDate "2023.10.10"]
[SourceQuality "1"]

1. Nf3 c5 2. e4 d6 3. d4 cxd4 4. Nxd4 Nf6 5. Nc3 g6 6. Be3 Bg7 7. f3 Nc6 8. Qd2 0-0 9. Bc4 Bd7 10. 0-0-0 Rc8 11. Bb3 Ne5 12. Kb1 Nc4 13. Bxc4 Rxc4 14. g4 b5 15. h4 b4 16. Nd5 e6 17. Nxf6+ Qxf6 18. g5 Qe5 19. Qh2 Rfc8 20. Qxe5 Bxe5 21. f4 Bg7 22. Rd2 e5 23. fxe5 dxe5 24. Nb3 Bg4 25. Bxa7 Bf3 26. Re1 Bxe4 27. Nc5 Bf5 28. Nd7 Rxc2 29. Rxc2 Rxc2 0-1

[Event "Catalunya-chT Primera Gp2"]
[Site "Catalunya"]
[Date "2008.04.20"]
[Round "9"]
[White "Lerch Gallemi, Jose Maria"]
[Black "Blanco Acevedo, Cristobal Jose"]
[Result "0-1"]
[WhiteElo "2284"]
[BlackElo "2362"]
[PlyCount "82"]
[EventDate "2008.01.27"]
[EventType "team-tourn"]
[EventRounds "9"]
[EventCountry "ESP"]
[SourceTitle "EXT 2019"]
[Source "ChessBase"]
[SourceDate "2018.10.10"]
[SourceVersion "1"]
[SourceVersionDate "2018.10.10"]
[SourceQuality "1"]

1. e4 c5 2. Nc3 Nc6 3. f4 g6 4. Nf3 Bg7 5. Bb5 Nd4 6. 0-0 Nxb5 7. Nxb5 Nf6 8. d3 d6 9. c4 0-0 10. Qe1 e6 11. Qh4 a6 12. Nc3 Nd7 13. Qg3 f5 14. e5 dxe5 15. fxe5 b5 16. Bg5 Qb6 17. b3 Bb7 18. Rae1 Qa5 19. Bd2 b4 20. Na4 Nb6 21. Ng5 Rae8 22. h4 Nxa4 23. bxa4 Qc7 24. Nh3 Rd8 25. h5 Rd4 26. Bf4 gxh5 27. Ng5 Qe7 28. Re3 Rfd8 29. Qh3 Rxf4 30. Rxf4 Qxg5 31. Rh4 Bxg2 32. Qg3 Qxg3 33. Rxg3 Bc6 34. Rxh5 Bxa4 35. Rhg5 Rd7 36. Kg2 Kf8 37. Kf2 Bc6 38. Rg1 a5 39. R5g3 a4 40. Re3 Rb7 41. Ke2 b3 0-1

[Event "Benidorm op 4th"]
[Site "Benidorm"]
[Date "2007.12.06"]
[Round "3"]
[White "Lerch Gallemi, Jose Maria"]
[Black "Sanchez, Joseph"]
[Result "0-1"]
[WhiteElo "2284"]
[BlackElo "2496"]
[PlyCount "51"]
[EventDate "2007.12.06"]
[EventType "swiss (rapid)"]
[EventRounds "11"]
[EventCountry "ESP"]
[SourceTitle "CBM 121 Extra"]
[Source "ChessBase"]
[SourceDate "2008.01.10"]
[SourceVersion "1"]
[SourceVersionDate "2008.01.10"]
[SourceQuality "1"]

1. e4 d5 2. exd5 Nf6 3. g3 Bg4 4. Nf3 Qxd5 5. Bg2 Nc6 6. Nc3 Qe6+ 7. Qe2 Qxe2+ 8. Nxe2 Nb4 9. Ned4 0-0-0 10. a3 Nbd5 11. 0-0 e6 12. b4 Be7 13. c4 Nb6 14. c5 Nc4 15. Re1 Rhe8 16. Bf1 e5 17. Bxc4 exd4 18. Ne5 Bf8 19. Bxf7 Re7 20. Bb2 Bh3 21. Bc4 g6 22. Nf3 Ne4 23. d3 Nc3 24. Bxc3 dxc3 25. Ng5 Bf5 26. Rec1 0-1

[Event "Fincas Mediterranea 2nd"]
[Site "Castelldefels"]
[Date "2005.08.23"]
[Round "7"]
[White "Lerch Gallemi, Jose Maria"]
[Black "Panelo Munoz, Marcelo A"]
[Result "1-0"]
[WhiteElo "2267"]
[BlackElo "2404"]
[PlyCount "101"]
[EventDate "2005.08.17"]
[EventType "swiss"]
[EventRounds "9"]
[EventCountry "ESP"]
[SourceTitle "CBM 107 Extra"]
[Source "ChessBase"]
[SourceDate "2005.09.01"]
[SourceVersion "1"]
[SourceVersionDate "2005.09.01"]
[SourceQuality "1"]

1. e4 c5 2. Nc3 d6 3. f4 g6 4. Nf3 Bg7 5. Bb5+ Bd7 6. a4 Nc6 7. Bxc6 Bxc6 8. d3 Nf6 9. 0-0 0-0 10. Qe1 e6 11. f5 exf5 12. exf5 Qd7 13. Qh4 Qxf5 14. Bg5 Nd5 15. Ne4 f6 16. Bh6 g5 17. Nfxg5 fxg5 18. Rxf5 gxh4 19. Rg5 Rf7 20. Nxd6 Raf8 21. Nxf7 Rxf7 22. Rf1 Rxf1+ 23. Kxf1 Ne3+ 24. Kf2 Nf5 25. Bxg7 Nxg7 26. Rxc5 Bxa4 27. Rc4 Bc6 28. Rxh4 a5 29. c4 a4 30. d4 Nf5 31. Rf4 Bd7 32. g4 Nd6 33. d5 Kg7 34. Ke3 b6 35. Kd4 Nb7 36. Ke5 Nc5 37. Kd6 Be8 38. Ke7 Bd7 39. h3 h5 40. gxh5 Bxh3 41. Rf6 Nd7 42. Rf7+ Kh6 43. Kd6 Nc5 44. Kc6 Nd3 45. Kb5 Nxb2 46. d6 a3 47. d7 a2 48. d8Q a1Q 49. Qf6+ Kxh5 50. Qh8+ Kg4 51. Qg8+ 1-0

[Event "Barcelona Rubi op-A 5th"]
[Site "Barcelona"]
[Date "2004.04.??"]
[Round "5"]
[White "Gonzalez Rodriguez, Jorge Armando"]
[Black "Lerch Gallemi, Jose Maria"]
[Result "1-0"]
[WhiteElo "2349"]
[BlackElo "2248"]
[PlyCount "49"]
[EventDate "2004.04.25"]
[EventType "swiss"]
[EventRounds "9"]
[EventCountry "ESP"]
[SourceTitle "EXT 2007"]
[Source "ChessBase"]
[SourceDate "2006.11.23"]
[SourceVersion "1"]
[SourceVersionDate "2006.11.23"]
[SourceQuality "1"]

1. b3 d5 2. e3 Nf6 3. Bb2 Bf5 4. Bxf6 exf6 5. d4 Bb4+ 6. c3 Bxb1 7. cxb4 Bg6 8. Bd3 Qd6 9. a3 Nd7 10. Ne2 0-0 11. 0-0 Bh5 12. Qc2 Bxe2 13. Bxe2 g6 14. Rfc1 Rac8 15. b5 f5 16. g3 h5 17. h4 Nf6 18. Qc5 Qe6 19. Bf3 Ne4 20. Qxa7 Nd2 21. Kg2 f4 22. Rd1 Nxf3 23. Kxf3 Qe4+ 24. Ke2 fxg3 25. fxg3 1-0